| 000 | 00722nam a2200265 a 4500 | ||
|---|---|---|---|
| 005 | 20210219153529.0 | ||
| 008 | 991125n 000 0 eng u | ||
| 035 | _aUPN01000105034 | ||
| 100 | _aROGERS, Annie G. | ||
| 222 | _aHARVARD EDUCATIONAL REVIEW | ||
| 245 | _aVoice, play, and a practice of ordinary courage in girls' and women's lives | ||
| 300 | _a265-295 | ||
| 362 | _a1993 Vol. 63, no. 3, fall | ||
| 653 | 0 | _aADOLESCENCIA | |
| 653 | 0 | _aDESARROLLO INDIVIDUAL | |
| 653 | 0 | _aFEMINISMO | |
| 653 | 0 | _aINFLUENCIAS CULTURALES | |
| 653 | 0 | _aMUJERES | |
| 653 | 0 | _aPOESIA | |
| 653 | 0 | _aPREADOLESCENTES | |
| 653 | 0 | _aPSICOLOGIA | |
| 653 | 0 | _aSOCIALIZACION | |
| 904 |
_aAC _b042845 |
||
| 905 | _aArticulo | ||
| 999 |
_c79211 _d79211 |
||